00821cam a22002774a 450000100090000000300050000900500170001400800410003101000170007202000150008904000180010404200080012205000230013008200200015310000210017324500540019425000120024826000400026030000360030050000080033650400510034465000310039565000380042665000360046465000430050012042234NUST20170613130033.0000615s2000 caua b 001 0 eng  a 00044528  a0805331115 aDLCcDLCdDLC apcc00aQP519.7b.B68 200000a572.028 BOY2211 aBoyer, Rodney F.10aModern experimental biochemistry /cRodney Boyer. a3rd ed. aIndia :bPEARSON Education,cc2009. axviii, 493 p. :bill. ;c24 cm. aP.B aIncludes bibliographical references and index. 0aBiochemistryxMethodology. 0aBiochemistryvLaboratory manuals. 0aMolecular biologyxMethodology. 0aMolecular biologyvLaboratory manuals.